00334pab a2200121 454500008004000000100002100040245005700061260000900118300001600127362001100143650002400154773003400178180718b2004 xxu||||| |||| 00| 0 eng d aSridhar, Kala S. aGenerating employment: how will schemes be financed? c2004 ap.3781-782. a21 Aug aEmployment creation aEconomic and Political Weekly